Osobye ėkonomicheskie zony : problemy i tendent͡sii razvitii͡a : otechestvennyĭ i zarubezhnyĭ opyt /
Saved in:
| Main Author: | |
|---|---|
| Other Authors: | |
| Format: | Book |
| Language: | Russian |
| Published: |
Ekaterinburg :
In-t ėkonomiki UrO RAN,
2010.
|
| Subjects: | |
| Tags: |
Add Tag
No Tags, Be the first to tag this record!
|
| LEADER | 00823nam a22002297a 4500 | ||
|---|---|---|---|
| 001 | 012747751-9 | ||
| 005 | 20110421135707.0 | ||
| 008 | 110421s2010 ru b |000|0|rus|d | ||
| 020 | |a 9785946463027 | ||
| 035 | 0 | |a ocn716854489 | |
| 100 | 1 | |a Tatarkin, D. A. |q (Denis Aleksandrovich) | |
| 245 | 1 | 0 | |a Osobye ėkonomicheskie zony : |b problemy i tendent͡sii razvitii͡a : otechestvennyĭ i zarubezhnyĭ opyt / |c D.A. Tatarkin, M.I. Maslennikov. |
| 260 | |a Ekaterinburg : |b In-t ėkonomiki UrO RAN, |c 2010. | ||
| 300 | |a 237 p. ; |c 21 cm. | ||
| 504 | |a Includes bibliographical references. | ||
| 500 | |a "Nauchnoe izdanie"--Colophon. | ||
| 650 | 0 | |a Free ports and zones. | |
| 650 | 0 | |a Free ports and zones |z Russia (Federation) | |
| 700 | 1 | |a Maslennikov, M. I. |q (Mikhail Ivanovich) | |
| 899 | |a 415_565358 | ||
| 988 | |a 20110421 | ||
| 906 | |0 MH | ||


